000 01515nam a2200337 i 4500
001 000027747
003 DO-SdBNP
005 20250623110848.0
007 ta
008 110404s1971 dr 000 0 spa d
040 _aDO-SdBNP
_bspa
_cBNPHU
_erda
041 _hspa
082 4 _a972.9302
_bR696d
_222
100 1 _aRodríguez Demorizi, Emilio,
_d1908-1986
_eautor
_4aut.
_91039
245 1 4 _aLos dominicos y las encomiendas de indios de la Isla Española /
_cEmilio Rodríguez Demorizi.
264 1 _aSanto Domingo, República Dominicana :
_bAcademia Dominicana de la Historia ;
_bEditora del Caribe,
_c1971.
300 _a399 páginas ;
_c23 cm.
336 _atexto
_btxt
_2rdacontent
337 _asin mediación
_bn
_2rdamedia
338 _avolumen
_bnc
_2rdacarrier
490 0 _aAcademia Dominicana de la Historia
_v30
500 _aIncluye índice
504 _aIncluye referencias bibliográficas y notas al pie de las páginas
505 0 _aHomenaje --
_tIntroducción --
_tEl padre Córdoba --
_tRepartimiento de 1514 --
_tCarta del Lic. Zuazo, 1518--
_tBiografía del Lic. Zuazo por Navarrete --
_tInterrogatorio geronimiano 1517--
_tDe la Isla Española, por B. de Las Casas --
_tÍndice de personas, lugares y materias.
590 _aInventariado, 2020/MFF
650 4 _aEncomiendas (América Latina)
_954825
650 4 _aTrato a los indigenas
_zHispaniola
_954826
651 4 _aHispaniola
_xHistoria
_vFuentes
_954827
910 _aVMateo. Validado. Control de calidad MFF
942 _2ddc
_cLBS1
999 _c27239
_d27239